Monetary economics and policy : (Record no. 53124)

MARC details
000 -LEADER
fixed length control field 00537nam a2200181Ia 4500
005 - DATE AND TIME OF LATEST TRANSACTION
control field 20260429112241.0
008 - FIXED-LENGTH DATA ELEMENTS--GENERAL INFORMATION
fixed length control field 260429s9999||||xx |||||||||||||| ||und||
020 ## - INTERNATIONAL STANDARD BOOK NUMBER
International Standard Book Number 9780691262642
041 ## - LANGUAGE CODE
Language English
082 ## - DEWEY DECIMAL CLASSIFICATION NUMBER
Classification number 332.46
Item number BEN
100 ## - MAIN ENTRY--PERSONAL NAME
Personal name Benigno, Pierpaolo
245 #0 - TITLE STATEMENT
Title Monetary economics and policy :
Remainder of title A foundation for modern currency systems /
Statement of responsibility, etc Pierpaolo Benigno
250 ## - EDITION STATEMENT
Edition statement c
260 ## - PUBLICATION, DISTRIBUTION, ETC. (IMPRINT)
Place of publication, distribution, etc Princeton :
Name of publisher, distributor, etc Princeton University Pres,
Date of publication, distribution, etc 2025.
300 ## - PHYSICAL DESCRIPTION
Extent xxi, 410 p.; Hb
650 ## - SUBJECT ADDED ENTRY--TOPICAL TERM
Topical term or geographic name as entry element Financial Economics
942 ## - ADDED ENTRY ELEMENTS (KOHA)
Koha item type Text Books
Holdings
Withdrawn status Lost status Damaged status Not for loan Collection code Home library Location Shelving location Date of Cataloging Source of acquisition Total Checkouts Full call number Barcode Date last seen Price effective from Koha item type
        Non-fiction CUTN Central Library CUTN Central Library Social Sciences 29/04/2026 Segment Book Distributors, New Delhi - Invoice No. 71458 on 09-02-2026   332.46 BEN 58358 29/04/2026 29/04/2026 Text Books